00360nam a2200121Ia 4500008004100000041000800041082001700049100002500066245004500091260006000136300003100196365001100227240624s9999 xx 000 0 und d aeng a384.6095 SAX aSAXENA RAJIV PRAKASH aGOVERNMENTS OF THE FUTURE IN THE ICT ERA c2015aNew DelhibShroff Publishers & Distributors Pvt v axiv, : 372 : p. : cm. ; 22 cRSb30